Vocabulaire en Latin - Statistiques

Statistiques générales
  • Ce quiz a été pris 15 fois
  • Le résultat moyen est 10 sur 17
Statistiques - réponses
Hint Réponse % Correct
guerre bellum, i, n
100%
déesse dea, ae, f
100%
le coeur, le courage, l'esprit animus, i, m
83%
dieu deus, i, m
67%
chef, souverain, maître de maison dominus, i, m
67%
la gloire gloria, ae, f
67%
le Romain Romanus, i, m
67%
la terre terra, ae, f
67%
le cheval equus, i, m
50%
exemple exemplum, i, n
50%
le Germain Germanus, i, m
50%
enfant (-> puéril) puer, i, m
50%
forêt (-> silviculture, silvestre) silua, ae, f
33%
la victoire uictoria, ae, f
33%
homme (-> viril) uir, i, m
33%
vie uita, ae, f
33%
le repos otium, ii, n
0%
Aucun quiz correspondant
Distribution des résultats
% des personnes avec chaque résultat
Percentile par nombre de réponses
Votre historique - résultats
Vous n’avez pas pris ce quiz